000 00718cam a22002531 4500
001 sa 68018966
003 DLC
005 20260227112716.0
008 791004s1965 io a b 000 0 ind
010 _asa 68018966 //r79
025 _aPL480:Indo-4134
040 _aDLC
_cDLC
_dDLC
043 _aa-io---
050 0 0 _aLA1271
_b.S85
100 1 0 _aSurakhmad, Winarno.
245 1 0 _aMetodologi pengadjaran nasional;
_bsari didaktik.
260 0 _aBandung,
_bBadan Penerbitan I.K.I.P.
_c[1965]
300 _a172 p.
_billus.
_c21 cm.
500 _aCover title.
500 _aL.C. copy imperfect: p. 41-44 wanting.
504 _aBibliographical footnotes.
650 0 _aEducation
_zIndonesia.
650 0 _aTeaching.
999 _c88746
_d88746